| 000 | 00594nam a22001577a 4500 | ||
|---|---|---|---|
| 003 | macl | ||
| 005 | 20200308125544.0 | ||
| 008 | 200308b xxu||||| |||| 00| 0 eng d | ||
| 040 | _cmacl | ||
| 082 | _a800/KAT | ||
| 100 |
_aकटकवाल ,रघुनाथ सिंह _978578 |
||
| 245 | _aसामजिक क्रांति के अग्रदूत गुरू रविदास | ||
| 260 |
_aदिल्ली _bभारतीय प्रकाशन संस्थान _c2019 |
||
| 650 |
_aकाव्यालोचना _954621 |
||
| 942 |
_2ddc _cHIN |
||
| 999 |
_c62335 _d62335 |
||